<?xml version="1.0" encoding="UTF-8"?>
<record
    xmlns:xsi="http://www.w3.org/2001/XMLSchema-instance"
    xsi:schemaLocation="http://www.loc.gov/MARC21/slim http://www.loc.gov/standards/marcxml/schema/MARC21slim.xsd"
    xmlns="http://www.loc.gov/MARC21/slim">

  <leader>00806nam a2200217Ia 4500</leader>
  <datafield tag="952" ind1=" " ind2=" ">
    <subfield code="0">0</subfield>
    <subfield code="1">0</subfield>
    <subfield code="2">lcc</subfield>
    <subfield code="4">0</subfield>
    <subfield code="7">0</subfield>
    <subfield code="a">01</subfield>
    <subfield code="b">01</subfield>
    <subfield code="d">2022-11-10</subfield>
    <subfield code="l">0</subfield>
    <subfield code="o">PN1048 P3 2003</subfield>
    <subfield code="p">16 002873</subfield>
    <subfield code="r">2023-07-13</subfield>
    <subfield code="t">1</subfield>
    <subfield code="w">2022-11-10</subfield>
    <subfield code="y">LB</subfield>
  </datafield>
  <datafield tag="952" ind1=" " ind2=" ">
    <subfield code="0">0</subfield>
    <subfield code="1">0</subfield>
    <subfield code="2">lcc</subfield>
    <subfield code="4">0</subfield>
    <subfield code="7">0</subfield>
    <subfield code="a">01</subfield>
    <subfield code="b">01</subfield>
    <subfield code="d">2022-11-10</subfield>
    <subfield code="l">0</subfield>
    <subfield code="o">PN1048 P3 2003</subfield>
    <subfield code="p">16 002874</subfield>
    <subfield code="r">2023-07-13</subfield>
    <subfield code="t">2</subfield>
    <subfield code="w">2022-11-10</subfield>
    <subfield code="y">LB</subfield>
  </datafield>
  <datafield tag="952" ind1=" " ind2=" ">
    <subfield code="0">0</subfield>
    <subfield code="1">0</subfield>
    <subfield code="2">lcc</subfield>
    <subfield code="4">0</subfield>
    <subfield code="7">0</subfield>
    <subfield code="a">01</subfield>
    <subfield code="b">01</subfield>
    <subfield code="d">2022-11-10</subfield>
    <subfield code="l">0</subfield>
    <subfield code="o">PN1048 P3 2003</subfield>
    <subfield code="p">16 002875</subfield>
    <subfield code="r">2023-07-13</subfield>
    <subfield code="t">3</subfield>
    <subfield code="w">2022-11-10</subfield>
    <subfield code="y">LB</subfield>
  </datafield>
  <datafield tag="999" ind1=" " ind2=" ">
    <subfield code="c">70722</subfield>
    <subfield code="d">70722</subfield>
  </datafield>
  <controlfield tag="008">120626s1972    mx            000 0 spa d</controlfield>
  <datafield tag="020" ind1=" " ind2=" ">
    <subfield code="a">9681607821</subfield>
  </datafield>
  <datafield tag="050" ind1=" " ind2=" ">
    <subfield code="a">PN1048</subfield>
    <subfield code="b">P3 2003</subfield>
  </datafield>
  <datafield tag="100" ind1=" " ind2=" ">
    <subfield code="a">Paz, Octavio</subfield>
    <subfield code="d">, 1914 - 1998</subfield>
    <subfield code="e">, autor</subfield>
  </datafield>
  <datafield tag="245" ind1=" " ind2=" ">
    <subfield code="a">El arco y la lira</subfield>
    <subfield code="c">/ Octavio Paz</subfield>
  </datafield>
  <datafield tag="250" ind1=" " ind2=" ">
    <subfield code="a">3a. edici&#xF3;n</subfield>
  </datafield>
  <datafield tag="260" ind1=" " ind2=" ">
    <subfield code="a">M&#xE9;xico</subfield>
    <subfield code="b">: Fondo de Cultura Econ&#xF3;mica</subfield>
    <subfield code="c">, 2003</subfield>
  </datafield>
  <datafield tag="300" ind1=" " ind2=" ">
    <subfield code="a">307 p&#xE1;ginas</subfield>
  </datafield>
  <datafield tag="490" ind1=" " ind2=" ">
    <subfield code="a">Lengua y estudios literarios</subfield>
  </datafield>
  <datafield tag="500" ind1=" " ind2=" ">
    <subfield code="a">reimpresi&#xF3;n 2003</subfield>
  </datafield>
  <datafield tag="500" ind1=" " ind2=" ">
    <subfield code="a">Incluye: Indice general, Introducci&#xF3;n, Advertencia a la primera edici&#xF3;n, advertencia a la segunda edici&#xF3;n, Ep&#xED;logo, Ap&#xE9;ndices  </subfield>
  </datafield>
  <datafield tag="505" ind1=" " ind2=" ">
    <subfield code="a">I. El poema  
II. La revelaci&#xF3;n po&#xE9;tica  
III. Poes&#xED;a e historia  
</subfield>
  </datafield>
  <datafield tag="519" ind1=" " ind2=" ">
    <subfield code="a">Material Complementario/  </subfield>
    <subfield code="d">16 002873</subfield>
  </datafield>
  <datafield tag="650" ind1=" " ind2="0">
    <subfield code="a">POESIA</subfield>
  </datafield>
  <datafield tag="942" ind1=" " ind2=" ">
    <subfield code="c">LB</subfield>
    <subfield code="2">lcc</subfield>
  </datafield>
</record>
